The viev from the masthead (Record no. 10059)

MARC details
000 -BAŞLIK
Sabit Uzunlukta Kontrol Alanı 01048na a2200325 4500
001 - KONTROL NUMARASI
Denetim Alanı 13866
003 - KONTROL NUMARASI IDENTIFIER
Denetim Alanı MIRAKIL
005 - SON İŞLEM TARİHİ VE ZAMANI
Denetim Alanı 20181213155305.0
008 - SABİT-BOY VERİ ELEMANLARI - GENEL BİLGİLER
Sabit Uzunlukta Kontrol Alanı 160819b tu 000 0
020 ## - ULUSLARARASI STANDART KİTAP NUMARASI
Uluslararası Standart Kitap Numarası 9786053991403
035 ## - SİSTEM KONTROL NUMARASI
Sistem Kontrol Numarası 13866
040 ## - KATALOGLAMA KAYNAK
Orijinal Kataloglama Ajansı Milas
Kataloglama Dili tur
Metne Dönüştürmek Ajansı TR-AnCHP
041 ## - DİL KODU
Metin / Ses Parça Veya Ayrı Başlığın Dil Kodu eng
082 ## - DEWEY ONLU SINIFLANDIRMA NUMARASI
Sınıflandırma Numarası 809.93372
Ürün Numarası S65v 2010
090 ## - SINIFLAMA NUMARASI
Sınıflama Numarası 809.93372 S65v 2010
100 ## - ANA GİRİŞ - KİŞİSEL İSİM
Kişisel Ad Somay, Bülent
245 ## - BAŞLIK TABLOSU
Başlık The viev from the masthead
Başlığın Kalan journey through dystopia towards an open-ended utopia
Sorumluluk Tablosu, Vb Bülent Somay ; edited by Göksün Yazıcı
246 ## - UNVAN FORM VARYING
Başlık Doğru / Kısa Başlığı Journey through dystopia towards an open-ended utopia
260 ## - YAYIN, DAĞITIM, VB
Yayın, Dağıtım, Vb Yeri İstanbul
Yayıncı, Dağıtıcı, Vs Adı İstanbul Bilgi Üniversitesi Yayınları
Yayın, Dağıtım, Vb Tarihi 2010
300 ## - FİZİKSEL TANIM
Kapsam 219 s.
Boyutlar 21 sm.
490 ## - SERİSİ TABLOSU
Seri Beyanı Language and literature
Hacim / Ardışık Tanımı 7
490 ## - SERİSİ TABLOSU
Seri Beyanı İstanbul Bilgi University press
Hacim / Ardışık Tanımı 292
504 ## - KAYNAKÇA VB NOT
Kaynakça Vb Notu Kaynakça ve dizin var.
650 ## - KONU KATMA GİRİŞ - TOPİKAL DÖNEM
Topikal Süreli Veya Coğrafi Ad Giriş Elemanı Bilim kurgu
Kronolojik Alt Bölümü 20. yüzyıl
650 ## - KONU KATMA GİRİŞ - TOPİKAL DÖNEM
Topikal Süreli Veya Coğrafi Ad Giriş Elemanı Distopyalar, Edebiyatta
650 ## - KONU KATMA GİRİŞ - TOPİKAL DÖNEM
Topikal Süreli Veya Coğrafi Ad Giriş Elemanı Ütopyalar, Edebiyatta
650 ## - KONU KATMA GİRİŞ - TOPİKAL DÖNEM
Topikal Süreli Veya Coğrafi Ad Giriş Elemanı Ütopya
700 ## - KATMA GİRİŞ - KİŞİSEL İSİM
Kişisel Ad Yazıcı, Göksun
942 ## - EKLENDİ GİRİŞ ELEMANLARI (KOHA)
Sınıflandırma Veya Raf Düzeni Kaynak Dewey Decimal Classification
Koha Öğesi Türü Books
999 ## - SİSTEM KONTROL NUMARALARI (KOHA)
Koha Biblionumber 10059
Koha Biblioitemnumber 10059
Holdings
Kalıcı Konum Mevcut Konum Edinme Tarihi Edinim Kaynak Toplam Check-Out'Lar Tam Çağrı Numarası Barkod Tarih Son Görülme İtibaren Geçerli Fiyatlar Koha Öğesi Türü
CHP Kütüphanesi CHP Kütüphanesi 08/19/2016 Bağış   809.93372 S65v 2010 001556 08/19/2016 08/19/2016 Books